000 00672nam a22001817a 4500
005 20251108165157.0
008 250721s1993 xx 000 0 ara d
082 1 4 _a575.1/ناه
100 1 _aالبقصمي، ناهده
245 1 0 _aالهندسة الوراثية و الأخلاق /
264 1 _aالكويت :
_bالمجلس الوطني للثقافة و الفنون و الآداب،
_c1993.
300 _a274ص
490 0 _aعلم المعرفة : سلسلة كتب ثقافية شهرية يصدرها المجلس الوطني ... ، 174
650 1 7 _aالوراثة
650 1 7 _aالهندسة الوراثية
942 _2ddc
_cBK
999 _c21378
_d21378